000 00925nas a2200301 4500
001 BR0602321
003 BR-BrBNA
005 20231205110024.0
007 ta
008 230509b bl.|||p| |||| 00| 00por d
040 _aBR-BrBNA
_bpor
_cBiblioteca Nacional de Agricultura
041 _a(Pt)
072 _aK50
100 1 _aBrito, J.O.
100 1 _aGarcia, J.N.
100 1 _aBortoletto Júnior, G.
100 1 _aPessoa, A.M. das C.
100 1 _aSilva, P.H.M. da
245 1 _aDensidade básica e retrabilidade da madeira de Eucalyptus grandis, submetida a diferentes temperaturas de termorretificação
650 _aEUCALIPTO
650 _aMADEIRA
650 _aDENSIDADE DA MADEIRA
650 _aTEMPERATURA
650 _aPROCESSAMENTO
773 0 _tCerne (Brazil)
_xISSN 0104-7760
_g(Apr-Jun 2006), v. 12(2) p. 182-188
_wBR0602321
909 _a202311
_bLúcia
_c55
_dLúcia Elande
942 _2AGRIS
_n0
_cANA
999 _c185860
_d185860